| 000 | 01074nam a22003377a 4500 | ||
|---|---|---|---|
| 003 | CHAP | ||
| 005 | 20220817042802.0 | ||
| 008 | 971013s1977 r 00010 d | ||
| 010 | _a55560 | ||
| 011 | _a56532 | ||
| 035 | _a60685 | ||
| 040 | _cCHAP | ||
| 090 | _aFolleto 4483 | ||
| 100 | 0 | 0 |
_aSerrano CermeƱo, Zoilo. _9105210 |
| 245 | _aVariedades de hortalizas para invernadero | ||
| 260 |
_a(Madrid) : _bMinisterio de Agricultura, _c1977 |
||
| 300 |
_a12 p. _b: ilus. |
||
| 490 |
_aHojas divulgadoras _v; 21-77 |
||
| 590 |
_aBATCH-UPD _b10 _c20130110 _lUCH01 _h0339 |
||
| 590 |
_aBATCH-UPD _b10 _c20130110 _lUCH01 _h1839 |
||
| 590 |
_aBATCH-UPD _b10 _c20130410 _lUCH01 _h0013 |
||
| 590 |
_aBATCH-UPD _b10 _c20130914 _lUCH01 _h1719 |
||
| 590 |
_aCONVERSION _b10 _c20130109 _lUCH01 _h1330 |
||
| 650 | 1 | 4 |
_aLegumbres. _965680 |
| 650 | 1 | 4 |
_aLegumbres _xVariedades. _965795 |
| 830 | 0 |
_aHojas divulgadoras _v; 21-77 |
|
| 901 | _aBK | ||
| 942 | _cFOLL | ||
| 949 |
_aFolleto 4483 _bBC _cFOLL _d-130655 _eTS1 _i60685 _si |
||
| 949 |
_aFolleto 4483 _bBC _cFOLL _d-130656 _eTS2 _fc.2 _i60685 _si |
||
| 999 |
_c55560 _d55560 |
||